JR東西線の駅名(仮称) - Statistics

General Stats
  • This quiz has been taken 49 times
  • The average score is 4 of 7
Answer Stats
現在の駅名 仮称 % Correct
新福島 福島
88%
大阪城北詰 片町
74%
大阪天満宮 南森町
67%
海老江 野田阪神
60%
加島 竹島
40%
北新地 桜橋
33%
御幣島 歌島橋
33%
No matching quizzes found
Score Distribution
Percent of People with Each Score
Percentile by Number Answered
Your Score History
You have not taken this quiz